000 00732nam a2200241 4500
003 OSt
005 20240611063423.0
006 a
008 240611b |||||||| |||| 00| 0 eng d
020 _a9780495808732
040 _aDWCL-Main lib.
_cOC
082 _aCirc. 361.4 S562d 2011
100 _aShulman, Lawrence
245 _aDynamics and skills of group counseling /
260 _aAustralia:
_bBrooks/Cole, Cengage Learning, .
_cc2011.
300 _axxxvi,
_b649 p. ;
_c26 cm.
504 _aIncludes bibliographical references and index.
650 _a1. Social group work.
650 _a2. Group counseling.
650 _a3. Group work-Social welfare.
700 _aLawrence Shulman
942 _2ddc
_n0
_cBK-CIRC
_kCirc.
999 _c542
_d542